000 00394pab a2200157 454500
008 180718b2004 xxu||||| |||| 00| 0 eng d
100 _aPathak, Avijit
245 _aMultiple colours of Indian politics
260 _c2004
300 _ap.3-4.
362 _a20 Mar
650 _aIndia - Politics and government
650 _aPolitics and government
773 _aMainstream
909 _a59923
999 _c59923
_d59923